| 000 | 00383nam a22001217a 4500 | ||
|---|---|---|---|
| 082 |
_a351.20954 _bCOM |
||
| 245 |
_aThe combined civil list for India and Burma _bA complete directory of the civil services & other higher services under government. |
||
| 260 | _c1941 | ||
| 300 | _axxxix, 618 p. | ||
| 526 |
_a0 _b0 _c0 _d351_209540000000000_COM |
||
| 650 |
_aMCE _9379 |
||
| 942 |
_2ddc _cBK |
||
| 999 |
_c552033 _d552033 |
||